Guess the Country from a Bizarre Fact! - Statistics

General Stats
  • This quiz has been taken 12 times
  • The average score is 6 of 10
Answer Stats
Hint Answer % Correct
It’s shaped like a boot and everyone knows it. Italy
73%
ou can stand in four states at once in this country. United States
73%
This country is home to the driest place on Earth. Chile
64%
This country has two capital cities – one just for the government, the other for everything else. South Africa
64%
Penguins live here — and it’s not Antarctica. Argentina
55%
This country’s border is guarded by actual bears on some maps. Russia
55%
This country once accidentally invaded itself due to a military drill gone wrong. Switzerland
55%
It’s illegal to own only one guinea pig here. Switzerland
55%
This country has pink lakes. Australia
45%
Its navy once had more ships than the U.S. — all made of ice. Canada
18%
No matching quizzes found
Score Distribution
Percent of People with Each Score
Percentile by Number Answered
Your Score History
You have not taken this quiz